000 004850000a22001810004500
003 MACL
005 20160301125445.0
008 160301b xxu||||| |||| 00| 0 eng d
040 _aMACL
_cMACL
041 _aHindi
082 _a891.431
100 _aनरेन्‍द्र शर्मा
_941550
245 _aहंसमाला
260 _bभारती भंडार
_aप्रयाग
350 _a4
650 _aPoetry
_941551
942 _cHIN
_k891.431
_2ddc
999 _c25526
_d25526